000 00806nam a2200253 a 4500
001 BRL_1852
005 20190320211409.0
008 100815s1987----ve-ao#####---#000-0#spa-#
041 _aspa
044 _ave
050 4 _aF2520.1Y3
_b.C63 1987
100 1 _aCocco, Luis
_d1910-1980
_928048
245 1 0 _aIyëwei-Teri
_bquince años entre los yanomamos
_cP. Luis Cocco.
250 _a2a ed.
260 _aCaracas, Venezuela
_bEditorial Salesiana : Escuela Técnica Popular Don Bosco
_c1987
300 _a498 p.
_bil.
_c27 cm.
500 _aAu2108
504 _aBibliografía: p. 497-498
650 1 4 _aYanomamis
_xVida social y costumbres
_928049
650 1 4 _aIndígenas de Venezuela
_xVida social y costumbres
_928050
740 0 _aquince años entre los yanomamos
902 _aGRL
942 _2lcc
_cB
999 _c10660
_d10660